00561naa a2200181 a 450000100080000000500110000800800410001910000170006024501350007726000090021265000130022165300200023465300210025465300120027570000190028770000210030677300520032716161501995-06-27 1992 bl uuuu u00u1 u #d1 aTHIES, J. E. aEnvironmental effects on competition for nodule occupancy between introduced and indigenous rhizobia and among introduced strains. c1992 aEcologia aCOMPETITIVIDADE aNUTRICAO MINERAL aRIZOBIO1 aBOHLOOL, B. B.1 aSINGLETON, P. W. tCan. J. Microbiol.gv.38, n.6, p.493-500, 1992.